Catálogo

Género, jóvenes e iglesia : (Registro nro. 40821)

Detalles MARC
000 -LEADER
fixed length control field 01282cam a2200337 i 4500
001 - CONTROL NUMBER
control field 40821
003 - CONTROL NUMBER IDENTIFIER
control field Mx-PuUPA
005 - DATE AND TIME OF LATEST TRANSACTION
control field 20241022123551.0
008 - FIXED-LENGTH DATA ELEMENTS--GENERAL INFORMATION
fixed length control field 140415s2024 sp gr 000 e spa d
017 ## - COPYRIGHT OR LEGAL DEPOSIT NUMBER
Copyright or legal deposit number M-2112-2024
020 ## - INTERNATIONAL STANDARD BOOK NUMBER
International Standard Book Number 9788413391809
040 ## - CATALOGING SOURCE
Original cataloging agency Mx-PuUPA
Language of cataloging spa
Transcribing agency Mx-PuUPA
Modifying agency Mx-PuUPA
Description conventions rda
041 0# - LANGUAGE CODE
Language code of text/sound track or separate title spa
100 1# - MAIN ENTRY--PERSONAL NAME
Personal name Rodríguez Díaz, Marta,
9 (RLIN) 15689
Relator term autor
245 10 - TITLE STATEMENT
Title Género, jóvenes e iglesia :
Remainder of title juntar las piezas /
Statement of responsibility, etc. Martha Rodríguez Díaz ; prólogo de Ramón Lucas Lucas
264 #1 - PRODUCTION, PUBLICATION, DISTRIBUTION, MANUFACTURE, AND COPYRIGHT NOTICE
Place of production, publication, distribution, manufacture Madrid :
Name of producer, publisher, distributor, manufacturer Ediciones Encuentro,
Date of production, publication, distribution, manufacture, or copyright notice 2024
300 ## - PHYSICAL DESCRIPTION
Extent 195 páginas :
Dimensions 22 cm
336 ## - CONTENT TYPE
Fuente rdacontent
Content type term texto
Content type code txt
337 ## - MEDIA TYPE
Source rdamedia
Media type term sin medio
Media type code n
338 ## - CARRIER TYPE
Source rdacarrier
Carrier type term volumen
Carrier type code nc
490 0# - SERIES STATEMENT
Series statement Colección 100XUNO ;
Volume/sequential designation 129
650 #7 - SUBJECT ADDED ENTRY--TOPICAL TERM
Source of heading or term armarc
Topical term or geographic name entry element Comunicación en la familia
650 #7 - SUBJECT ADDED ENTRY--TOPICAL TERM
Source of heading or term armarc
Topical term or geographic name entry element Familias
General subdivision Aspectos psicológicos
650 #7 - SUBJECT ADDED ENTRY--TOPICAL TERM
Source of heading or term armarc
Topical term or geographic name entry element Sexualidad
General subdivision Aspectos religiosos
700 1# - ADDED ENTRY--PERSONAL NAME
Personal name Lucas Lucas, Ramón,
Relator term prologuista
942 ## - ADDED ENTRY ELEMENTS (KOHA)
Source of classification or shelving scheme Dewey Decimal Classification
Koha item type Libro
Classification part 306.85
Item part R685
Existencias
Withdrawn status Lost status Source of classification or shelving scheme Damaged status Not for loan Collection code Home library Current library Shelving location Date acquired Source of acquisition Total Checkouts Full call number Barcode Date last seen Price effective from Koha item type Copy number Cost, normal purchase price Date last checked out Cost, replacement price Total Renewals
    Dewey Decimal Classification   Consulta en sala Magisterial Biblioteca Karol Wojtyla Biblioteca Karol Wojtyla Sala general 03/12/2013 Compra   306.85 R685 2024 61557 05/01/2026 03/12/2013 Magisterial          
    Dewey Decimal Classification   Consulta en sala Magisterial Biblioteca Karol Wojtyla Biblioteca Karol Wojtyla Sala general 03/12/2013 Compra   306.85 R685 2024 61558 05/01/2026 03/12/2013 Magisterial Ej.2        
    Dewey Decimal Classification     General Biblioteca Karol Wojtyla Biblioteca Karol Wojtyla Sala general 22/10/2024 11 1 306.85 R685 2024 105538 05/01/2026 22/10/2024 Libro Ej.4 759.88 11/06/2025 759.88  
    Dewey Decimal Classification     General Biblioteca Karol Wojtyla Biblioteca Karol Wojtyla Sala general 22/10/2024 11 1 306.85 R685 2024 105537 08/04/2026 22/10/2024 Libro Ej.3 759.88 18/03/2026 759.88 1